00326nam a2200145Ia 4500003000900000008004100009040001300050040001300063100002600076245004400102250001200146260000800158300000800166490000600174IT-RoPAU120407s9999 xx 000 0 und d aIT-RoPAU cIT-RoPAU aAngelico M. Arrighini aEcce homo! La settimana santa predicata aTorino  aSei c cm v1